| Поле | Инд. | ПП | Название | Значение |
|---|---|---|---|---|
| Тип записи | a | |||
| Библиографический уровень | m | |||
| 001 | Контрольный номер | 1cbb5b55b1644fd891f40de35dbdc1a1 | ||
| 005 | Дата корректировки | 20200807105525.0 | ||
| 020 | a | ISBN | 978-5-7609-1510-8 | |
| 040 | a | Служба первич. каталог. | НБ ТвГУ | |
| b | Код языка каталог. | rus | ||
| e | Правила каталог. | PSBO | ||
| 041 | 0_ | a | Код языка текста | rus |
| 080 | a | Индекс УДК | 330(082) | |
| 080 | a | Индекс УДК | 339.9(082) | |
| 084 | a | Индекс другой классификации/Индекс ББК | У9(2Рос)я431 | |
| 090 | a | Полочн. индекс | У9(2Рос) | |
| x | Авторский знак | М 53 | ||
| 097 | b | Оператор | Polyakova.IM | |
| 245 | 10 | a | Заглавие | Место и роль России в мировой экономике |
| b | Продолж. заглавия | материалы VI Всероссийской научно-практической конференции молодых ученых 11 декабря 2019 года, посвященной 90-летию со дня рождения профессора И. М. Русанова | ||
| c | Ответственность | Министерство науки и высшего образования РФ, ФГБОУ ВО "Тверской государственный университет ; под редакцией Л. А. Карасевой, Н. В. Новиковой | ||
| 260 | c | Дата издания | 2020 | |
| a | Место издания | Тверь | ||
| b | Издательство | Тверской государственный университет | ||
| 300 | a | Объем | 290 с. | |
| b | Иллюстрации/ тип воспроизводства | ил., табл. | ||
| 504 | a | Библиография | Библиогр. в конце статей | |
| 653 | 0_ | a | Ключевые слова | Мировая экономика |
| a | Ключевые слова | Экономика России | ||
| a | Ключевые слова | Россия в мировой экономике | ||
| a | Ключевые слова | Цифровые технологии | ||
| a | Ключевые слова | Предпринимательство | ||
| a | Ключевые слова | Инвестиции | ||
| a | Ключевые слова | Макроэкономика в регионах | ||
| a | Ключевые слова | Конференции | ||
| a | Ключевые слова | Труды Тверского государственного университета | ||
| 700 | 12 | a | Другие авторы | Карасева Людмила Аршавировна |
| e | Роль лиц | Редактор | ||
| 700 | 12 | a | Другие авторы | Новикова Наталья Владимировна |
| e | Роль лиц | Редактор | ||
| 700 | 12 | a | Другие авторы | Парфенова Людмила Борисовна |
| e | Роль лиц | Рецензент | ||
| 700 | 12 | a | Другие авторы | Демидова П. Г. |
| e | Роль лиц | Рецензент | ||
| 901 | t | Тип документа | m | |
| 920 | a | Оператор | Поля | |
| a | Оператор | Суха | ||
| a | Оператор | Стро | ||
| 930 | a | Новая/Ретро | новая | |
| 952 | c | Вид литературы | К рн | |
| 954 | b | Дата поступления в ОК | 20200709 | |
| a | Дата поступления на обработку | 20200806 | ||
| c | Дата окончания ОНО | 20200807 |